000
00199nmm a2200085Ia 4500
008
220120s9999||||xx |||||||||||||||||und||
100
_a
Conger, David
245
0
_a
Creating games in C++
260
_c
2006
999
_c
138549
_d
138549